Nourrir les hommes / (Record no. 43248)

MARC details
000 -LEADER
campo de control de longitud fija 02178cam a2200469Li 4500
001 - NÚMERO DE CONTROL
campo de control 81390
003 - IDENTIFICADOR DE NÚMERO DE CONTROL
campo de control BJBSDDR
005 - FECHA Y HORA DE LA ÚLTIMA TRANSACCIÓN
campo de control 20240423131319.0
007 - CAMPO FIJO DE DESCRIPCIÓN FÍSICA--INFORMACIÓN GENERAL
campo de control de longitud fija ta
008 - DATOS DE LONGITUD FIJA--INFORMACIÓN GENERAL
campo de control de longitud fija 081106s2008 fr f 000 0 fre d
020 ## - NÚMERO INTERNACIONAL ESTÁNDAR DEL LIBRO
Número Internacional Estándar del Libro 9782301000347
020 ## - NÚMERO INTERNACIONAL ESTÁNDAR DEL LIBRO
Número Internacional Estándar del Libro 2301000346
029 1# - OTRO NÚMERO DE CONTROL DE SISTEMA (OCLC)
Identificador de la biblioteca OCLC ZWZ
Número de control de sistema 128272430
035 ## - NÚMERO DE CONTROL DEL SISTEMA
Número de control de sistema (OCoLC)ocn471025673
035 ## - NÚMERO DE CONTROL DEL SISTEMA
Número de control de sistema (OCoLC)471025673
040 ## - FUENTE DE CATALOGACIÓN
Centro catalogador/agencia de origen BDF
Lengua de catalogación fre
Centro/agencia transcriptor BDF
Centro/agencia modificador MUQ
041 ## - CÓDIGO DE IDIOMA
Código de lengua del texto/banda sonora o título independiente fre
050 14 - SIGNATURA TOPOGRÁFICA DE LA BIBLIOTECA DEL CONGRESO
Número de clasificación HD 9000.5
Número de ítem N932 2008
082 00 - NÚMERO DE LA CLASIFICACIÓN DECIMAL DEWEY
Número de clasificación 338.19
245 00 - MENCIÓN DEL TÍTULO
Título Nourrir les hommes /
Mención de responsabilidad, etc. ouvrage dirigé par Jean-Paul Charvet ; avec la participation de François Carré... [et al.].
260 ## - PUBLICACIÓN, DISTRIBUCIÓN, ETC.
Lugar de publicación, distribución, etc. [Paris] :
Nombre del editor, distribuidor, etc. Centre National d'Enseignement à Distance - CNED :
-- Editions SEDES,
Fecha de publicación, distribución, etc. DL 2008
300 ## - DESCRIPCIÓN FÍSICA
Extensión 318 pages :
Otras características físicas cartes, graph., couv. illustrations en coul. ;
Dimensiones 24 cm.
490 0# - MENCIÓN DE SERIE
Mención de serie [CNED-SEDES concours] : CAPES-Agrégation géographie
504 ## - NOTA DE BIBLIOGRAFÍA, ETC.
Nota de bibliografía, etc. Bibliogr. p. 299-310. Webliogr. p. 310. Index.
520 ## - RESUMEN, ETC.
Sumario, etc. À l'échelle de la planète, la production agricole est suffisante pour nourrir les hommes. Pourtant, des centaines de millions d'êtres humains souffrent de sous-nutrition tandis que d'autres sont suralimentés. En outre, les ressources naturelles ne sont pas inépuisables. Après une présentation générale du débat, une analyse régionale du problème et de ses spécifités.--[Source inconnue]
650 #7 - PUNTO DE ACCESO ADICIONAL DE MATERIA--TÉRMINO DE MATERIA
Término de materia o nombre geográfico como elemento de entrada Aliments
Subdivisión general Approvisionnement
Subdivisión cronológica 1990-....
Fuente del encabezamiento o término ram
650 #7 - PUNTO DE ACCESO ADICIONAL DE MATERIA--TÉRMINO DE MATERIA
Término de materia o nombre geográfico como elemento de entrada Politique alimentaire
Subdivisión cronológica 1990-....
Fuente del encabezamiento o término ram
650 #7 - PUNTO DE ACCESO ADICIONAL DE MATERIA--TÉRMINO DE MATERIA
Término de materia o nombre geográfico como elemento de entrada Politique agricole
Subdivisión cronológica 1990-....
Fuente del encabezamiento o término ram
650 #6 - PUNTO DE ACCESO ADICIONAL DE MATERIA--TÉRMINO DE MATERIA
Término de materia o nombre geográfico como elemento de entrada Aliments
Subdivisión general Approvisionnement.
650 #6 - PUNTO DE ACCESO ADICIONAL DE MATERIA--TÉRMINO DE MATERIA
Término de materia o nombre geográfico como elemento de entrada Agriculture.
650 #6 - PUNTO DE ACCESO ADICIONAL DE MATERIA--TÉRMINO DE MATERIA
Término de materia o nombre geográfico como elemento de entrada Alimentation.
650 #4 - PUNTO DE ACCESO ADICIONAL DE MATERIA--TÉRMINO DE MATERIA
Término de materia o nombre geográfico como elemento de entrada Abastecimiento de alimentos
9 (RLIN) 6006
650 #4 - PUNTO DE ACCESO ADICIONAL DE MATERIA--TÉRMINO DE MATERIA
Término de materia o nombre geográfico como elemento de entrada Alimentación
9 (RLIN) 19546
650 #4 - PUNTO DE ACCESO ADICIONAL DE MATERIA--TÉRMINO DE MATERIA
Término de materia o nombre geográfico como elemento de entrada Agricultura
Subdivisión general Aspectos económicos
9 (RLIN) 6836
700 1# - ENTRADA AGREGADA--NOMBRE PERSONAL
Nombre de persona Charvet, Jean-Paul,
Fechas asociadas al nombre 1942-
9 (RLIN) 35447
Término indicativo de función/relación director
700 1# - ENTRADA AGREGADA--NOMBRE PERSONAL
Nombre de persona Carré, François
9 (RLIN) 35449
760 0# - ENLACE A UNA SERIE PRINCIPAL
Título CNED-SEDES concours,
Lugar, editor y fecha de publicación 2008
Número Internacional Normalizado para Publicaciones Seriadas 1639-450X
Número de control del registro (FrPBN)36131359
856 42 - LOCALIZACIÓN Y ACCESO ELECTRÓNICOS
Materiales especificados Notice et cote du catalogue de la Bibliotháeque nationale de France
Identificador Uniforme de Recursos <a href="http://catalogue.bnf.fr/ark:/12148/cb413733991">http://catalogue.bnf.fr/ark:/12148/cb413733991</a>
886 1# - INFORMACIÓN DE CAMPO MARC FORÁNEO
2 intermrc
a 009
b a--d--us-----------
886 2# - INFORMACIÓN DE CAMPO MARC FORÁNEO
2 intermrc
a 680
b 0-
a 330
b 330
942 ## - ELEMENTOS DE ENTRADA SECUNDARIOS (KOHA)
Fuente del sistema de clasificación o colocación Clasificación de Library of Congress
Tipo de ítem Koha Libro
Holdings
Estatus retirado Estado de pérdida Fuente del sistema de clasificación o colocación Estado de daño No para préstamo Colección Biblioteca de origen Biblioteca actual Ubicación en estantería Fecha de adquisición Signatura topográfica completa Código de barras Visto por última vez Copia número Tipo de ítem Koha
    Clasificación de Library of Congress     Ciencias Sociales Biblioteca Juan Bosch Biblioteca Juan Bosch Ciencias Sociales (3er. Piso) 10/04/2023 HD 9000.5 N932 2008 00000073224 24/10/2018 1 Libro